• 首页
  • 本馆介绍
  • 公告通知
  • 最新文献
  • 馆藏检索
  • 电子资源
  • 读者导购
  • 参考咨询
  • 我的图书馆
  • 登录
  • 详细信息显示
  • 放入我的书架
  • 预约/预借图书
  • 作者相关作品
  • 分类相关作品
  • 丛书相关作品
  • 出版社相关作品

书目信息

  • 表格格式
  • 工作单格式
  • 卡片格式
题名:
卡尔·弗莱什小提琴音阶体系
    
 
作者: 弗莱什 编著
分册:  
出版信息: 北京   人民音乐出版社  2001.2
页数: 146页
开本: 30cm
丛书名:
单 册:
中图分类: J622.1
科图分类:
主题词: 小提琴--音阶--教材
电子资源:
ISBN: 7-103-02135-X
000 01038nam0 2200241 450
000 01066nam0 2200253 450
000 00997nam0 2200229 450
000 00960nam0 2200217 45
005 20070529164356.31
010    @a7-103-02135-X@dCNY28.20
100    @a20051101d2001 ekmy0chiy0120 ea
101 1  @achi@chun
102    @aCN@b110000
105    @ag z 000yy
200 1  @a卡尔·弗莱什小提琴音阶体系@AKa Er· Fu Lai Shi Xiao Ti Qin Yin Jie Ti Xi@e每日大、小调音阶练习@EMei Ri Da、 Xiao Diao Yin Jie Lian Xi@f(匈)卡尔·弗莱什(Carl Flesch, 1873-1944)编著@F( Xiong ) Ka Er· Fu Lai Shi (Carl Flesch, 1873-1944) Bian Zhu
210    @a北京@c人民音乐出版社@d2001.2
215    @a146页@c乐谱@d30cm
330    @a本书共24个部分,收入了卡尔·弗莱们的小提琴音价训练体系的大小调音价练习曲谱。本书内容全面,分类详细,可供广大小提琴学习者及爱好者练习使用。
606 0  @a小提琴@x音阶@j教材
690    @aJ622.1@v4
701  1 @a弗莱什@AFu Lai Shi@b卡尔@g(Flesch, Carl@f1873-1944)@4编著
801  0 @aCN@bFYSX@c20070529
905    @a10447@dJ622.1@e167
    
    卡尔·弗莱什小提琴音阶体系:每日大、小调音阶练习/(匈)卡尔·弗莱什(Carl Flesch, 1873-1944)编著.-北京:人民音乐出版社,2001.2
    146页:乐谱;30cm
    
    
    ISBN 7-103-02135-X:CNY28.20
    本书共24个部分,收入了卡尔·弗莱们的小提琴音价训练体系的大小调音价练习曲谱。本书内容全面,分类详细,可供广大小提琴学习者及爱好者练习使用。
●
相关链接 在E读中查询图书 在五车中查询图书 在当当中查询图书 在豆瓣中查询图书


正题名:卡尔·弗莱什小提琴音阶体系     索取号:J622.1/167         预约/预借

序号 登录号 条形码 馆藏地/架位号 状态 备注
1 0511018   205110182   密集书库/ [索取号:J622.1/167] 在馆    
2 0511019   205110191   密集书库/ [索取号:J622.1/167] 在馆    
3 0511020   205110208   密集书库/ [索取号:J622.1/167] 在馆    
4 0511021   205110217   密集书库/ [索取号:J622.1/167] 在馆    
5 0511022   205110226   密集书库/ [索取号:J622.1/167] 在馆    
唐山师范学院图书馆 欢迎您!
大连网信软件有限公司© 版权所有